Normal view
MARC view
- GAVA, E , NARIAN, K , SEZGEN, E
Entry Personal Name
001 - CONTROL NUMBER
- control field: 67946
003 - CONTROL NUMBER IDENTIFIER
- control field: NUST
005 - DATE AND TIME OF LATEST TRANSACTION
- control field: 20210628203937.0
008 - FIXED-LENGTH DATA ELEMENTS
- fixed length control field: 210628|| aca||aabn | a|a d
040 ## - CATALOGING SOURCE
- Original cataloging agency: NUST
- Transcribing agency: NUST
100 ## - HEADING--PERSONAL NAME
- Personal name: GAVA, E , NARIAN, K , SEZGEN, E
670 ## - SOURCE DATA FOUND
- Source citation: Work cat.: (NUST): GAVA, E , NARIAN, K , SEZGEN, E, 1991 SUMMER SCHOOL IN HIGH ENERGY PHYSICS AND COSMOLOGY, 1992
